<?xml version="1.0" encoding="UTF-8"?>
<record
    xmlns:xsi="http://www.w3.org/2001/XMLSchema-instance"
    xsi:schemaLocation="http://www.loc.gov/MARC21/slim http://www.loc.gov/standards/marcxml/schema/MARC21slim.xsd"
    xmlns="http://www.loc.gov/MARC21/slim">

  <leader>01322nam a22002177a 4500</leader>
  <controlfield tag="003">Uzh_bibl</controlfield>
  <controlfield tag="008">260324b        |||||||| |||| 00| 0 ukr d</controlfield>
  <datafield tag="020" ind1=" " ind2=" ">
    <subfield code="a">966-8285-30-1</subfield>
    <subfield code="c">30.00</subfield>
  </datafield>
  <datafield tag="040" ind1=" " ind2=" ">
    <subfield code="b">&#x443;&#x43A;&#x440;.</subfield>
  </datafield>
  <datafield tag="041" ind1=" " ind2=" ">
    <subfield code="2">ukr</subfield>
    <subfield code="a">ukr</subfield>
  </datafield>
  <datafield tag="080" ind1=" " ind2=" ">
    <subfield code="a">351.74</subfield>
  </datafield>
  <datafield tag="090" ind1=" " ind2=" ">
    <subfield code="a">351.74</subfield>
    <subfield code="b">&#x421; 63</subfield>
  </datafield>
  <datafield tag="100" ind1=" " ind2=" ">
    <subfield code="a">&#x421;&#x43E;&#x43A;&#x43E;&#x43B;&#x44E;&#x43A;,&#x417;&#x438;&#x43D;&#x43E;&#x432;&#x456;&#x439;</subfield>
  </datafield>
  <datafield tag="245" ind1=" " ind2=" ">
    <subfield code="a">&#x422;&#x435;&#x43E;&#x440;&#x456;&#x44F; &#x43F;&#x43E;&#x43B;&#x456;&#x446;&#x456;&#x457;</subfield>
    <subfield code="h">&#x422;&#x435;&#x43A;&#x441;&#x442;</subfield>
  </datafield>
  <datafield tag="260" ind1=" " ind2=" ">
    <subfield code="a">&#x413;&#x430;&#x434;&#x44F;&#x447;</subfield>
    <subfield code="b">&#x412;&#x438;&#x434;&#x430;&#x432;&#x43D;&#x438;&#x446;&#x442;&#x432;&#x43E;"&#x413;&#x430;&#x434;&#x44F;&#x447;"</subfield>
    <subfield code="c">2005</subfield>
  </datafield>
  <datafield tag="300" ind1=" " ind2=" ">
    <subfield code="a">210 &#x441;.</subfield>
  </datafield>
  <datafield tag="520" ind1=" " ind2=" ">
    <subfield code="a">&#x41F;&#x440;&#x430;&#x446;&#x44F; "&#x422;&#x435;&#x43E;&#x440;&#x456;&#x44F; &#x43F;&#x43E;&#x43B;&#x456;&#x446;&#x456;&#x457;", &#x449;&#x43E; &#x432;&#x43A;&#x43B;&#x44E;&#x447;&#x430;&#x454; &#x432; &#x441;&#x435;&#x431;&#x435; &#x430;&#x43D;&#x430;&#x43B;&#x456;&#x437; &#x441;&#x442;&#x430;&#x43D;&#x43E;&#x432;&#x43B;&#x435;&#x43D;&#x43D;&#x44F; &#x439; &#x440;&#x43E;&#x437;&#x432;&#x438;&#x442;&#x43A;&#x443; &#x442;&#x430;&#x43A;&#x43E;&#x433;&#x43E; &#x432;&#x430;&#x436;&#x43B;&#x438;&#x432;&#x43E;&#x433;&#x43E; &#x434;&#x43B;&#x44F; &#x441;&#x443;&#x441;&#x43F;&#x456;&#x43B;&#x44C;&#x441;&#x442;&#x432;&#x430; &#x456;&#x43D;&#x441;&#x442;&#x438;&#x442;&#x443;&#x442;&#x443;, &#x44F;&#x43A; &#x43F;&#x43E;&#x43B;&#x456;&#x446;&#x456;&#x44F;, &#x43F;&#x43E;&#x434;&#x430;&#x454; &#x43D;&#x430;&#x43C; &#x44F;&#x43A;&#x43D;&#x430;&#x439;&#x434;&#x435;&#x442;&#x430;&#x43B;&#x44C;&#x43D;&#x456;&#x448;&#x456; &#x432;&#x456;&#x434;&#x43E;&#x43C;&#x43E;&#x441;&#x442;&#x456; &#x43F;&#x440;&#x43E; &#x441;&#x430;&#x43C;&#x435; &#x43F;&#x43E;&#x43D;&#x44F;&#x442;&#x442;&#x44F; &#x43F;&#x43E;&#x43B;&#x456;&#x446;&#x456;&#x457;, &#x430; &#x442;&#x430;&#x43A;&#x43E;&#x436; &#x439;&#x434;&#x435;&#x442;&#x44C;&#x441;&#x44F; &#x43F;&#x440;&#x43E; &#x43C;&#x435;&#x436;&#x456;, &#x444;&#x43E;&#x440;&#x43C;&#x438; &#x442;&#x430; &#x440;&#x43E;&#x434;&#x438; &#x43F;&#x43E;&#x43B;&#x456;&#x446;&#x456;&#x439;&#x43D;&#x43E;&#x457; &#x434;&#x456;&#x44F;&#x43B;&#x44C;&#x43D;&#x43E;&#x441;&#x442;&#x456;, &#x440;&#x43E;&#x437;&#x433;&#x43B;&#x44F;&#x434;&#x430;&#x454;&#x442;&#x44C;&#x441;&#x44F; &#x43F;&#x43E;&#x43B;&#x456;&#x446;&#x456;&#x439;&#x43D;&#x430; &#x442;&#x435;&#x43E;&#x440;&#x456;&#x44F; &#x442;&#x430; &#x43F;&#x43E;&#x43B;&#x456;&#x446;&#x456;&#x439;&#x43D;&#x456; &#x434;&#x435;&#x43B;&#x456;&#x43A;&#x442;&#x438; &#x43D;&#x430; &#x444;&#x43E;&#x43D;&#x456; &#x440;&#x456;&#x437;&#x43D;&#x438;&#x445; &#x43F;&#x440;&#x430;&#x432;&#x43E;&#x432;&#x438;&#x445; &#x441;&#x438;&#x441;&#x442;&#x435;&#x43C; &#x417;&#x430;&#x445;&#x43E;&#x434;&#x443; &#x439; &#x43F;&#x43E;&#x433;&#x43B;&#x44F;&#x434;&#x456;&#x432; &#x43D;&#x430; &#x441;&#x443;&#x442;&#x43D;&#x456;&#x441;&#x442;&#x44C; &#x43F;&#x43E;&#x43B;&#x456;&#x446;&#x456;&#x457; &#x440;&#x456;&#x437;&#x43D;&#x438;&#x445; &#x437;&#x430;&#x445;&#x456;&#x434;&#x43D;&#x438;&#x445; &#x432;&#x447;&#x435;&#x43D;&#x438;&#x445;.</subfield>
  </datafield>
  <datafield tag="521" ind1=" " ind2=" ">
    <subfield code="a">&#x414;&#x43B;&#x44F; &#x448;&#x438;&#x440;&#x43E;&#x43A;&#x43E;&#x433;&#x43E; &#x43A;&#x43E;&#x43B;&#x430; &#x447;&#x438;&#x442;&#x430;&#x447;&#x456;&#x432;</subfield>
  </datafield>
  <datafield tag="546" ind1=" " ind2=" ">
    <subfield code="a">&#x443;&#x43A;&#x440;.</subfield>
  </datafield>
  <datafield tag="942" ind1=" " ind2=" ">
    <subfield code="2">udc</subfield>
    <subfield code="c">BK</subfield>
  </datafield>
  <datafield tag="999" ind1=" " ind2=" ">
    <subfield code="c">17176</subfield>
    <subfield code="d">17176</subfield>
  </datafield>
  <datafield tag="952" ind1=" " ind2=" ">
    <subfield code="0">0</subfield>
    <subfield code="1">0</subfield>
    <subfield code="2">udc</subfield>
    <subfield code="4">0</subfield>
    <subfield code="7">0</subfield>
    <subfield code="a">F2</subfield>
    <subfield code="b">F2</subfield>
    <subfield code="c">ABP</subfield>
    <subfield code="d">2026-03-24</subfield>
    <subfield code="i">80310</subfield>
    <subfield code="l">0</subfield>
    <subfield code="o">51.74</subfield>
    <subfield code="p">19642</subfield>
    <subfield code="r">2026-03-24</subfield>
    <subfield code="w">2026-03-24</subfield>
    <subfield code="y">BK</subfield>
  </datafield>
</record>
